Policajti deťom rozdávali reflexné vesty

Bibliographic Details
Format: Article
Language:Slovak
PhysicalDescription:Fotogr.
Subjects:

MARC

LEADER 00000nab a2200000 ar4500
001 vtls009349465
003 SK-MaSNL
005 20260303054830.0
008 081017c2008 xo wr|p|||||||000 b|slo
038 |a PPPK 
040 |a PPPKCL  |b slo  |c PPPKCL  |e AACR2 
041 0 |a slo 
044 |a xo  |c SK 
080 |a 656.1.05-027.45  |2 2001 
080 |a 351.74  |2 2001 
080 |a 373.24  |2 2001 
245 0 0 |a Policajti deťom rozdávali reflexné vesty  |c [autor] (mna) 
300 |b Fotogr. 
610 1 7 |a Vysoké Tatry (Slovensko).  |b Mestská polícia  |2 pppkcl  |9 177602 
648 7 |a 2008  |2 pppkcl  |9 317238 
650 0 7 |a bezpečnosť cestnej premávky  |2 pppkcl  |9 69807 
650 0 7 |a mestská polícia  |2 pppkcl  |9 26122 
650 0 7 |a opatrenia  |2 pppkcl  |9 373813 
651 7 |a Vysoké Tatry (Slovensko : mesto)  |2 pppkcl  |9 176366 
773 0 |t Podtatranské noviny  |g Roč. IL, č. 40 (2008), s. 2 
852 |a PPPK  |b KIS3GCP 
999 |c 1724813  |d 1726743